000 01000nam a2200265 a 4500
005 20170325020002.0
008 140128b2007 ck ||||| |||| 00| 0 spa d
020 _a978958979096
041 _aspa
044 _ack
082 0 4 _a592.17
_bA48i
090 _aIAVH
_b00772
100 1 _95379
_aAmat-García, Germán
245 1 0 _aLibro rojo de los invertebrados terrestres de Colombia
260 _aBogotá
_bInstituto de Ciencias Naturales. Universidad Nacional de Colombia
_bConservación Internacional Colombia
_bInstituto Alexander von Humboldt
_bMinisterio de Ambiente, Vivienda y Desarrollo Territorial
_c2007
300 _a216 p.
_c22 cm.
490 _aLibro Rojo de Especies Amenazadas de Colombia
650 _aInvertebrados
_93636
650 _aInvertebrados
_xclasificación
_925288
650 _aArtrópodos
_92658
700 1 _aAndrade-C., M. Gonzalo
_95380
700 1 _aAmat-García, Eduardo
_95381
700 _aRodríguez-Mahecha, José Vicente
_eed.
_94290
942 _cLIBRO
_2ddc
_012
999 _c6105
_d6105